• AIU
  • Tony Wilmot Memorial Library

Windows on bilingualism / (Record no. 63610)

MARC details
000 -LEADER
fixed length control field 00959nam a2200253 a 4500
001 - CONTROL NUMBER
control field 4872483
005 - DATE AND TIME OF LATEST TRANSACTION
control field 20170619150137.0
008 - FIXED-LENGTH DATA ELEMENTS--GENERAL INFORMATION
fixed length control field 920625s1992 txua b 001 0 eng
010 ## - LIBRARY OF CONGRESS CONTROL NUMBER
LC control number 92081102
020 ## - INTERNATIONAL STANDARD BOOK NUMBER
International Standard Book Number 0883128098
040 ## - CATALOGING SOURCE
Original cataloging agency DLC
Transcribing agency DLC
050 00 - LIBRARY OF CONGRESS CALL NUMBER
Classification number P115
Item number .W56 1992
082 00 - DEWEY DECIMAL CLASSIFICATION NUMBER
Classification number 404/.2
Edition number 20
100 1# - MAIN ENTRY--PERSONAL NAME
Personal name Casad, Eugene H.
Relator term editor
245 00 - TITLE STATEMENT
Title Windows on bilingualism /
Statement of responsibility, etc Eugene H. Casad, editor.
260 ## - PUBLICATION, DISTRIBUTION, ETC. (IMPRINT)
Place of publication, distribution, etc Dallas, Tex. :
Name of publisher, distributor, etc Summer Institute of Linguistics ;
Place of publication, distribution, etc Arlington :
Name of publisher, distributor, etc University of Texas at Arlington,
Date of publication, distribution, etc 1992.
300 ## - PHYSICAL DESCRIPTION
Extent xii, 208 p. :
Other physical details ill. ;
Dimensions 23 cm.
440 #0 - SERIES STATEMENT/ADDED ENTRY--TITLE
Title Summer Institute of Linguistics and the University of Texas at Arlington publications in linguistics ;
Volume number/sequential designation publication 110
650 #0 - SUBJECT ADDED ENTRY--TOPICAL TERM
Topical term or geographic name as entry element Bilingualism.
700 1# - ADDED ENTRY--PERSONAL NAME
Personal name Casad, Eugene H.
906 ## - LOCAL DATA ELEMENT F, LDF (RLIN)
a 7
b cbc
c orignew
d 3
e opcn
f 19
g y-gencatlg
942 ## - ADDED ENTRY ELEMENTS (KOHA)
Source of classification or shelving scheme
Koha item type Books
Holdings
Withdrawn status Lost status Source of classification or shelving scheme Damaged status Not for loan Collection code Home library Current library Shelving location Date acquired Source of acquisition Cost, normal purchase price Total Checkouts Full call number Barcode Date last seen Copy number Price effective from Koha item type
    Library of Congress Classification     Special Collection AIU/NEGST - Tony Wilmot Memorial Library AIU/NEGST - Tony Wilmot Memorial Library Special Collection 06/21/2016 Donation- SIL Sudan 25.00   S P 115 .W56 1992 R34827L3232 09/26/2019 1 07/18/2018 Books